000 00299nam a22001337a 4500
008 170329b xxu||||| |||| 00| 0 eng d
020 _a9781455746811
041 _aeng
080 _a616-053.2
100 _a8
101 _aSHM
245 _aPEDIATRIC CLINICS
_cSTRASBURGER, V.C
942 _2udc
_cBK
999 _c8970
_d8970